Reel bad Arabs : how Hollywood vilifies a people /

محفوظ في:

المؤلف الرئيسي: Shaheen, Jack G., 1935-2017 (مؤلف)

مؤلفون آخرون: Greider, William.

التنسيق: كتاب

اللغة: English

منشور في: New York : Olive Branch Press, 2001.

الموضوعات:

الوسوم: إضافة وسم

لا توجد وسوم, كن أول من يضع وسما على هذه التسجيلة!

رقم الطلب: PN1995.9 .A68 S54

LEADER 00788nam a22002417a 4500
003 OSt
005 20251110123129.0
008 251110t2001 nyu b 001 0 eng d
010 |a 2001003040 
020 |a 1566563887 
040 |c ARCE Library 
050 1 4 |a PN1995.9 .A68  |b S54 
100 1 |a Shaheen, Jack G.,  |d 1935-2017,   |e author  |9 39778 
245 1 0 |a Reel bad Arabs :   |b how Hollywood vilifies a people /   |c Jack G. Shaheen ; foreword by William Greider. 
264 1 |a New York :   |b Olive Branch Press,   |c 2001. 
300 |a viii, 574 pages ;   |c 23 cm. 
504 |a Includes bibliographical references (pages 539-545) and index. 
555 |a wafaa.lib 
650 0 |a Arabs in motion pictures. 
700 1 |a Greider, William.  |9 31087 
901 |a reviewed 
942 |c BK  |2 lcc 
999 |c 21468  |d 21468